|
|
|
|
| LEADER |
00000cam a2200000 7i4500 |
| 001 |
0000000875 |
| 005 |
20151222.0 |
| 008 |
070703 |
| 020 |
|
|
|a 9679389383(set)
|
| 020 |
|
|
|a 9679389405
|
| 090 |
0 |
0 |
|a JF
|b MAL
|
| 100 |
0 |
|
|a Amril Shah
|
| 245 |
1 |
0 |
|a Ancaman orang minyak
|c Amril Shah
|
| 260 |
|
|
|a Selangor :
|b Sama Publications & Distributors ,
|c 2004
|
| 440 |
|
|
|a Siri novel masyarakat sepakat
|
| 500 |
|
|
|a Children ages 10-12 years old (pink)
|
| 650 |
|
0 |
|a Malay fiction
|
| 999 |
|
|
|a 0000927424
|b Book
|c Adult Collection
|e Cawangan Tangkak
|
| 999 |
|
|
|a 0000927425
|b Book
|c Children Collection
|e Cawangan Tangkak
|
| 999 |
|
|
|a 0000950442
|b Book
|c Children Collection
|e Cawangan Bandar Penawar
|
| 999 |
|
|
|a 0000960408
|b Book
|c Children Collection
|e Cawangan Bandar Penawar
|
| 999 |
|
|
|a 0000960409
|b Book
|c Children Collection
|e Perbadanan Perpustakaan Awam Johor
|
| 999 |
|
|
|a 0000960410
|b Book
|c Children Collection
|e Cawangan Taman Sri Lambak
|
| 999 |
|
|
|a 0000960411
|b Book
|c Children Collection
|e Cawangan Batu Pahat
|
| 999 |
|
|
|a 0000960412
|b Book
|c Children Collection
|e Cawangan Sri Merlong
|